You're Gonna Go Far, Kid - The Offspring (Lyrics) - Statistics

General Stats
  • This quiz has been taken 105 times
  • The average score is 257 of 363
Answer Stats
Lyrics % Correct
a
100%
the
100%
you
97%
your
95%
an
94%
go
94%
lie,
94%
And
92%
and
92%
you're
92%
You're
92%
I
91%
all
89%
far,
89%
gonna
89%
kid
89%
to
89%
me
88%
Show
84%
get
83%
how
83%
time
83%
better
81%
eyes
81%
getting
81%
in
81%
With
81%
between
80%
Hit
80%
no
80%
'em
78%
right
78%
thousand
75%
for
73%
lies
73%
of
73%
See
73%
good
72%
light
72%
disguise
70%
dance,
69%
did
69%
fucker,
69%
it
67%
It
67%
lives
67%
Now
67%
now
67%
running
67%
their
67%
Nice
66%
work
66%
away
64%
away,
64%
had
64%
say
64%
When
64%
chance
63%
lightning
63%
nothing
63%
one
63%
So
63%
walk
63%
never
61%
he
59%
is
59%
it's
58%
only
58%
really
58%
was
58%
more
56%
turning
56%
even
53%
word
53%
clever
52%
Clever
52%
hard
52%
knew
52%
knew,
52%
as
50%
Trust
50%
teach
48%
that's
48%
way
48%
against
47%
art
47%
man,
47%
what
45%
Another
44%
line,
44%
back
42%
because
42%
off
42%
day
41%
out
41%
out,
41%
about
39%
closer
39%
feet
39%
sets
39%
Take
39%
unsuspecting
39%
if
38%
into
38%
well,
38%
can't
36%
herd
36%
him
36%
sight
36%
step
36%
want,
36%
drifting
34%
jumps
34%
mob
34%
someone
34%
pay
33%
today
33%
awake,
31%
Slowly
31%
something
31%
steal
31%
wide
28%
I'm
27%
lead
27%
There's
27%
Flies
25%
Lord
25%
scene
25%
alibis,
22%
deceived
22%
play
20%
you'll
19%
No matching quizzes found
Score Distribution
Percent of People with Each Score
Percentile by Number Answered
Your Score History
You have not taken this quiz